[Event "Oakham Young Masters"]
[Site "Oakham"]
[Date "1988.04.04"]
[Round "8.2"]
[White "Sokolov, Ivan"]
[Black "Conquest, Stuart"]
[Result "1/2-1/2"]
[WhiteElo "2545"]
[BlackElo "2445"]
[EventDate "1988.03.28"]
[PlyCount "29"]
[Source "John Saunders"]

1.d4 d5 2.c4 c6 3.Nc3 Nf6 4.e3 g6 5.Nf3 Bg7 6.Bd3 O-O 7.O-O Bg4 8.h3 Bxf3 
9.Qxf3 e6 10.Bd2 c5 11.cxd5 cxd4 12.exd4 Nxd5 13.Nxd5 exd5 14.Bb4 Re8 15.
Bb5 1/2-1/2

[Event "Oakham Young Masters"]
[Site "Oakham"]
[Date "1988.04.04"]
[Round "8.3"]
[White "Brunner, Lucas"]
[Black "Blatny, Pavel"]
[Result "1-0"]
[WhiteElo "2415"]
[BlackElo "2440"]
[EventDate "1988.03.28"]
[PlyCount "89"]
[Source "John Saunders"]

1.e4 e5 2.Nf3 Nc6 3.Bc4 Nf6 4.d3 h6 5.O-O d6 6.c3 g6 7.d4 Qe7 8.Nbd2 Bg7 
9.Re1 O-O 10.h3 Nh5 11.Nf1 Nd8 12.Ne3 c6 13.Ng4 Nf4 14.dxe5 dxe5 15.Bxf4 
exf4 16.Qd2 Be6 17.Nge5 Qc7 18.Bxe6 Nxe6 19.Nd3 Rad8 20.Rad1 Rd7 21.Qc2 
Rfd8 22.Rd2 Qa5 23.a4 Qa6 24.Red1 Qc4 25.Nxf4 Rxd2 26.Nxd2 Qa2 27.Nxe6 
Qxe6 28.Re1 b5 29.Nf3 Qc4 30.axb5 cxb5 31.e5 b4 32.Qa4 Bf8 33.e6 fxe6 34.
Ne5 Qf4 35.Qxa7 bxc3 36.bxc3 Qf6 37.c4 h5 38.Qb6 Rd6 39.Qb1 Kh7 40.Qe4 Bg7
41.Nf3 Qf5 42.Qb7 Kh6 43.h4 Qc5 44.Ng5 Rd2 45.Qxg7+ 1-0

[Event "Oakham Young Masters"]
[Site "Oakham"]
[Date "1988.04.04"]
[Round "8.4"]
[White "Navrotescu, Catalin"]
[Black "Janjgava, Lasha"]
[Result "1/2-1/2"]
[WhiteElo "2280"]
[BlackElo "2425"]
[EventDate "1988.03.28"]
[PlyCount "23"]
[Source "John Saunders"]

1.d4 Nf6 2.c4 g6 3.Nc3 d5 4.Nf3 Bg7 5.cxd5 Nxd5 6.e4 Nxc3 7.bxc3 c5 8.Rb1 
O-O 9.Qd2 b6 10.Be2 cxd4 11.cxd4 Bb7 12.Qe3 1/2-1/2

[Event "Oakham Young Masters"]
[Site "Oakham"]
[Date "1988.04.04"]
[Round "8.6"]
[White "Gdanski, Jacek"]
[Black "Adams, Michael"]
[Result "0-1"]
[WhiteElo "2355"]
[BlackElo "2430"]
[EventDate "1988.03.28"]
[PlyCount "134"]
[Source "John Saunders"]

1.e4 c6 2.d4 d5 3.exd5 cxd5 4.c4 Nf6 5.Nc3 e6 6.Nf3 Bb4 7.Bd3 dxc4 8.Bxc4 
O-O 9.O-O Nbd7 10.Bg5 a6 11.a4 b6 12.Qb3 Bxc3 13.bxc3 Qc7 14.Rab1 Bb7 15.
Bxf6 Bxf3 16.Be5 Nxe5 17.dxe5 Be4 18.Rbe1 Qc6 19.f3 Bg6 20.Kh1 Rfc8 21.Be2
a5 22.Bb5 Qxc3 23.Qxc3 Rxc3 24.Rc1 Rc5 25.Rfd1 h5 26.Rxc5 bxc5 27.Kg1 Rc8 
28.Rc1 Rc7 29.Kf2 Kf8 30.Ke3 Ke7 31.Kf4 f6 32.h4 Be8 33.Rc4 Bd7 34.g4 Bc8 
35.gxh5 Bb7 36.Rc1 Rc8 37.h6 gxh6 38.Rc2 Bd5 39.Bc4 fxe5+ 40.Kxe5 Rf8 41.
Bxd5 Rf5+ 42.Ke4 Rxd5 43.Rb2 Kf6 44.Ke3 Ke5 45.Rb6 c4 46.f4+ Kf5 47.Rc6 
Rd3+ 48.Ke2 Rd4 49.Rc5+ Kxf4 50.Rxa5 c3 51.Rc5 Rxa4 52.Rxc3 Ra2+ 53.Kf1 e5
54.Rc4+ e4 55.Rc5 Rh2 56.Rh5 Kf3 57.Rf5+ Kg3 58.Rh5 Rxh4 59.Re5 Kf3 60.
Rf5+ Ke3 61.Rd5 Rf4+ 62.Kg1 Ke2 63.Rh5 Rg4+ 64.Kh2 Rg6 65.Ra5 e3 66.Ra1 
Kf2 67.Ra8 Rf6 0-1

[Event "Oakham Young Masters"]
[Site "Oakham"]
[Date "1988.04.04"]
[Round "8.7"]
[White "Garcia Palermo, Carlos Horacio"]
[Black "Sadler, Matthew"]
[Result "1/2-1/2"]
[WhiteElo "2505"]
[BlackElo "2385"]
[EventDate "1988.03.28"]
[PlyCount "47"]
[Source "John Saunders"]

1.Nf3 d5 2.d4 e6 3.c4 dxc4 4.e3 Nf6 5.Bxc4 a6 6.O-O c5 7.Bd3 Nbd7 8.Qe2 
Be7 9.a4 cxd4 10.exd4 O-O 11.Nc3 Nb6 12.Rd1 Nbd5 13.Ne5 Bd7 14.Bb1 Rc8 15.
Rd3 b5 16.Rh3 g6 17.Bh6 Re8 18.axb5 Nxc3 19.bxc3 Bxb5 20.Qf3 Qd5 21.Qg3 
Bd6 22.Ba2 Bxe5 23.dxe5 Ne4 24.Bxd5 1/2-1/2

[Event "Oakham Young Masters"]
[Site "Oakham"]
[Date "1988.04.04"]
[Round "8.8"]
[White "Horvath, Csaba"]
[Black "Fogarasi, Tibor"]
[Result "0-1"]
[WhiteElo "2445"]
[BlackElo "2355"]
[EventDate "1988.03.28"]
[PlyCount "46"]
[Source "John Saunders"]

1.e4 c5 2.Nf3 e6 3.d4 cxd4 4.Nxd4 Nc6 5.Nc3 Qc7 6.Be3 a6 7.Bd3 Nf6 8.O-O 
d6 9.Nb3 b5 10.f4 Be7 11.Qf3 Bb7 12.a4 b4 13.Ne2 O-O 14.a5 Nd7 15.Qh3 e5 
16.Ng3 exf4 17.Bxf4 Nce5 18.Nf5 Bf6 19.Ra4 Bc8 20.Rxb4 Nc5 21.Bc4 Nxb3 22.
Qxb3 Bxf5 23.exf5 Rab8 0-1

[Event "Oakham Young Masters"]
[Site "Oakham"]
[Date "1988.04.04"]
[Round "8.9"]
[White "Rechlis, Gad"]
[Black "Schulte, Oliver"]
[Result "1-0"]
[WhiteElo "2475"]
[BlackElo "2440"]
[EventDate "1988.03.28"]
[PlyCount "49"]
[Source "John Saunders"]

1.d4 Nf6 2.c4 e6 3.Nf3 c5 4.Nc3 cxd4 5.Nxd4 Nc6 6.g3 Qb6 7.Nb3 Ne5 8.e4 
Bb4 9.Qe2 O-O 10.f4 Nc6 11.Be3 Qd8 12.Bg2 d5 13.e5 Ne4 14.O-O-O Nxc3 15.
bxc3 Ba3+ 16.Kb1 Qc7 17.Bc1 Bxc1 18.Rxc1 dxc4 19.Qxc4 Bd7 20.Rhd1 Rfc8 21.
Rd6 Be8 22.Rcd1 Rab8 23.Be4 b6 24.Bxc6 Bxc6 25.Rxc6 1-0

[Event "Oakham Young Masters"]
[Site "Oakham"]
[Date "1988.04.04"]
[Round "8.10"]
[White "Thomas, Ian"]
[Black "Thorhallsson, Throestur"]
[Result "1/2-1/2"]
[WhiteElo "2315"]
[BlackElo "2415"]
[EventDate "1988.03.28"]
[PlyCount "83"]
[Source "John Saunders"]

1.e4 d5 2.exd5 Nf6 3.d4 Nxd5 4.c4 Nb6 5.Nf3 g6 6.h3 Bg7 7.Nc3 O-O 8.Be3 
Nc6 9.Qd2 e5 10.d5 Na5 11.b3 f5 12.Bh6 e4 13.Bxg7 Kxg7 14.Nd4 c5 15.Nc2 
Nd7 16.O-O-O a6 17.f4 exf3 18.gxf3 Nf6 19.f4 Bd7 20.Bd3 b5 21.Ne3 Rb8 22.
Rde1 bxc4 23.Nxc4 Nxc4 24.Bxc4 Bb5 25.Kc2 Bxc4 26.bxc4 Rb4 27.Kd3 Rf7 28.
Re6 Qa5 29.Qe3 Ne4 30.Rc1 Qa3 31.Rc2 Rb1 32.Ke2 Rb2 33.Kd3 Nxc3 34.Rxc3 
Qxa2 35.Qc1 Rf2 36.Rc2 Qb3+ 37.Rc3 Rf3+ 38.Re3 Rxe3+ 39.Kxe3 Re7+ 40.Kf3 
Qb6 41.Re3 Qf6 42.Qa3 1/2-1/2

[Event "Oakham Young Masters"]
[Site "Oakham"]
[Date "1988.04.04"]
[Round "8.12"]
[White "Schlosser, Michael"]
[Black "McDonald, Neil R."]
[Result "1-0"]
[WhiteElo "2330"]
[BlackElo "2375"]
[EventDate "1988.03.28"]
[PlyCount "77"]
[Source "John Saunders"]

1.e4 e6 2.d4 d5 3.e5 c5 4.c3 Nc6 5.Nf3 Qb6 6.a3 f6 7.Bd3 Bd7 8.O-O fxe5 9.
dxe5 O-O-O 10.Qc2 Nge7 11.Bxh7 g6 12.Bxg6 Nxg6 13.Qxg6 Be7 14.b4 Rdf8 15.
Nbd2 Rf5 16.Re1 Qd8 17.b5 Na5 18.Rb1 Qf8 19.Qg4 Rg8 20.Qh3 Be8 21.Nf1 Rxf3
22.Qxe6+ Bd7 23.Qxd5 Bh3 24.Ng3 Bxg2 25.Qe6+ Kb8 26.Bh6 Qe8 27.Kxg2 Rg6 
28.Qd5 Rf5 29.Be3 b6 30.Qe4 Rf8 31.Rbd1 Re6 32.Qd5 Bh4 33.f4 Rg6 34.Qd7 
Qxd7 35.Rxd7 Nc4 36.Bc1 Rfg8 37.Rd3 Rf8 38.Re4 Bxg3 39.Rxg3 1-0

[Event "Oakham Young Masters"]
[Site "Oakham"]
[Date "1988.04.04"]
[Round "8.13"]
[White "Stratil, Ladislav jr"]
[Black "Matveeva, Svetlana"]
[Result "1/2-1/2"]
[WhiteElo "2430"]
[BlackElo "2310"]
[EventDate "1988.03.28"]
[PlyCount "121"]
[Source "John Saunders"]

1.e4 c5 2.Nf3 d6 3.d4 Nf6 4.Nc3 cxd4 5.Nxd4 g6 6.g3 Nc6 7.Nde2 b6 8.Bg2 
Ba6 9.O-O Rc8 10.Re1 Bg7 11.Nd4 Nxd4 12.Qxd4 Qd7 13.Bg5 h6 14.Be3 O-O 15.
Qd2 Kh7 16.h3 Rfd8 17.Rac1 e6 18.Rcd1 Rc4 19.e5 dxe5 20.Qxd7 Rxd7 21.Rxd7 
Nxd7 22.Bf1 Rxc3 23.bxc3 Bb7 24.Rd1 Bc6 25.a4 Nf6 26.c4 Bf8 27.c5 Bxc5 28.
Bxc5 bxc5 29.Bb5 Bd5 30.c4 Bb7 31.a5 a6 32.Ba4 Kg7 33.Rd6 Ne4 34.Rb6 Bc8 
35.Bc6 Nd6 36.Rb8 Kf6 37.Kf1 Ke7 38.Ke2 Kd8 39.Kd3 Kc7 40.Rb6 f5 41.f3 g5 
42.g4 e4+ 43.fxe4 fxg4 44.hxg4 Nf7 45.Ba4 Ne5+ 46.Ke2 Nxg4 47.Rc6+ Kd8 48.
Rxc5 Nf6 49.Rc6 Nxe4 50.Ke3 Nf6 51.Rd6+ Ke7 52.Rd1 h5 53.c5 h4 54.Rg1 g4 
55.Kf4 h3 56.Bc6 Kd8 57.Kg5 Ke7 58.Kf4 Kd8 59.Kg5 Kc7 60.Kxf6 Kxc6 61.Rxg4
1/2-1/2

[Event "Oakham Young Masters"]
[Site "Oakham"]
[Date "1988.04.04"]
[Round "8.14"]
[White "Agnos, Demetrios"]
[Black "Rossiter, Philip"]
[Result "1-0"]
[WhiteElo "2340"]
[BlackElo "2330"]
[EventDate "1988.03.28"]
[PlyCount "79"]
[Source "John Saunders"]

1.e4 c5 2.Nf3 e6 3.c3 d5 4.exd5 exd5 5.d4 Nc6 6.Bb5 Bd6 7.dxc5 Bxc5 8.O-O 
Ne7 9.Nbd2 O-O 10.Nb3 Bb6 11.Re1 Bg4 12.Be3 Qd6 13.Bxb6 axb6 14.Be2 Bxf3 
15.Bxf3 Rfd8 16.g3 Qf6 17.Qe2 g6 18.Bg2 Kf8 19.a3 Rd6 20.Qb5 Ne5 21.Nd4 
Rad8 22.Rad1 Nf5 23.Qb4 Kg8 24.Nb5 R6d7 25.Qf4 Re7 26.Rf1 g5 27.Qc1 Red7 
28.f4 Ng4 29.fxg5 Qe6 30.Rde1 Qc6 31.Rxf5 Qxb5 32.Qf4 Qc4 33.h3 Re7 34.
Rxe7 Qc5+ 35.Kh1 Qxe7 36.Qxg4 d4 37.cxd4 Rc8 38.Rf1 Rc2 39.Qf5 Re2 40.Bd5 
1-0

[Event "Oakham Young Masters"]
[Site "Oakham"]
[Date "1988.04.04"]
[Round "8.15"]
[White "Flear, Glenn Curtis"]
[Black "Morris, Philip"]
[Result "0-1"]
[WhiteElo "2460"]
[BlackElo "2200"]
[EventDate "1988.03.28"]
[PlyCount "90"]
[Source "John Saunders"]

1.d4 Nf6 2.c4 e6 3.Nf3 b6 4.Nc3 Bb4 5.Bg5 h6 6.Bh4 Bb7 7.e3 g5 8.Bg3 Ne4 
9.Nd2 Nxg3 10.hxg3 Bxc3 11.bxc3 Nc6 12.Qa4 Qe7 13.O-O-O O-O-O 14.Kb2 Kb8 
15.g4 d6 16.Ka1 Na5 17.Nb3 Nxb3+ 18.axb3 c5 19.Rd2 f5 20.Ra2 Ba8 21.gxf5 
exf5 22.b4 Rc8 23.bxc5 dxc5 24.d5 Rc7 25.Bd3 Qe5 26.Ra3 h5 27.Rb1 Rh6 28.
f4 Qxe3 29.fxg5 Qxg5 30.Qe8+ Kb7 31.Rb2 a5 32.Ka2 Qe7 33.Qb5 Ka7 34.Bxf5 
Bb7 35.Bd3 h4 36.Re2 Qf6 37.Rb3 Qf4 38.Qe8 Qd6 39.Bf5 Ba6 40.Qe4 Rf6 41.
Rf2 Qe7 42.Qd3 Qe5 43.Rbb2 Rcf7 44.Rbe2 Qd6 45.Rf3 Rxf5 0-1

[Event "Oakham Young Masters"]
[Site "Oakham"]
[Date "1988.04.04"]
[Round "8.16"]
[White "Girinath, Puligadda"]
[Black "Bruk, Ofer"]
[Result "0-1"]
[WhiteElo "2200"]
[BlackElo "2340"]
[EventDate "1988.03.28"]
[PlyCount "100"]
[Source "John Saunders"]

1.e4 c6 2.c4 d5 3.cxd5 cxd5 4.exd5 Nf6 5.Nc3 Nxd5 6.d4 Nc6 7.Nf3 Bg4 8.Be2
e6 9.O-O Be7 10.Qb3 Qb6 11.Qd1 O-O 12.h3 Bxf3 13.Bxf3 Rfd8 14.Nxd5 exd5 
15.Be3 Bf6 16.Rc1 Qxb2 17.Rb1 Qxa2 18.Rxb7 Rab8 19.Rc7 Rbc8 20.Rb7 Qa6 21.
Rb2 Qa3 22.Qd2 g6 23.Rb5 Qa4 24.Rxd5 Nxd4 25.Bxd4 Bxd4 26.Rd1 Rxd5 27.Bxd5
Bxf2+ 28.Kh1 Rf8 29.Rf1 Bb6 30.Qg5 Qd4 31.Ba2 Bd8 32.Qb5 Kg7 33.Qb7 Bf6 
34.Bd5 a5 35.Re1 Qb4 36.Re4 Qxb7 37.Bxb7 Rd8 38.Bc6 Rd4 39.Rxd4 Bxd4 40.
Kh2 Bf2 41.g3 Kf6 42.Kg2 Be1 43.Kf3 Ke5 44.h4 f5 45.Be8 Kf6 46.Ba4 h6 47.
Be8 g5 48.h5 g4+ 49.Kg2 Kg5 50.Kh2 f4 0-1

[Event "Oakham Young Masters"]
[Site "Oakham"]
[Date "1988.04.04"]
[Round "8.18"]
[White "Burgess, Mark"]
[Black "Hennigan, Michael"]
[Result "1-0"]
[WhiteElo "2250"]
[BlackElo "2300"]
[EventDate "1988.03.28"]
[PlyCount "69"]
[Source "John Saunders"]

1.Nf3 g6 2.c4 Bg7 3.g3 d6 4.d4 Nf6 5.Bg2 O-O 6.O-O Nc6 7.Nc3 e5 8.d5 Ne7 
9.e4 Nd7 10.Be3 f5 11.Ng5 Nf6 12.Ne6 Bxe6 13.dxe6 c6 14.Qb3 b6 15.Rad1 Qc7
16.Rd3 Rad8 17.Rfd1 Ng4 18.c5 bxc5 19.Bxc5 Qa5 20.Bxd6 Rxd6 21.Rxd6 Qc5 
22.R6d2 Bh6 23.Re2 f4 24.Na4 Qb5 25.Bf3 Nf6 26.Qxb5 cxb5 27.Nc5 Nc6 28.Nb3
Re8 29.Rd6 Nb4 30.e7 Kf7 31.a3 Na2 32.Rd1 Rc8 33.Ra1 Nc3 34.Rc2 b4 35.axb4
1-0

[Event "Oakham Young Masters"]
[Site "Oakham"]
[Date "1988.04.04"]
[Round "8.19"]
[White "Buckley, Graeme"]
[Black "Badulescu, Cristina"]
[Result "1-0"]
[WhiteElo "2200"]
[BlackElo "2255"]
[EventDate "1988.03.28"]
[PlyCount "73"]
[Source "John Saunders"]

1.d4 e6 2.Nf3 f5 3.Bg5 Nf6 4.Nbd2 d5 5.h3 Bd6 6.e3 O-O 7.Bd3 Qe8 8.Qe2 
Nbd7 9.O-O-O Ne4 10.Bf4 e5 11.dxe5 Nxe5 12.Nxe5 Bxe5 13.Nf3 Bxf4 14.exf4 
Qa4 15.a3 c6 16.Ne5 Be6 17.Kb1 Rac8 18.g4 fxg4 19.hxg4 Rxf4 20.f3 h6 21.
Ng6 Ng5 22.b3 Qd4 23.Bf5 Qf6 24.Nxf4 Bxf5 25.gxf5 Qxf5 26.Qe3 Rf8 27.Rh4 
a5 28.Qd3 Qf6 29.Ng6 Re8 30.Rf4 Qd6 31.Ra4 Qc5 32.Rg4 Qxa3 33.Rxg5 hxg5 
34.Rh1 Qd6 35.Rh8+ Kf7 36.Qf5+ Qf6 37.Qd7+ 1-0

[Event "Oakham Young Masters"]
[Site "Oakham"]
[Date "1988.04.04"]
[Round "8.20"]
[White "Ward, Christopher"]
[Black "Quillan, Gary"]
[Result "1/2-1/2"]
[WhiteElo "2310"]
[BlackElo "2275"]
[EventDate "1988.03.28"]
[PlyCount "84"]
[Source "John Saunders"]

1.d4 Nf6 2.c4 c5 3.d5 e6 4.Nc3 exd5 5.cxd5 d6 6.e4 g6 7.f4 Bg7 8.Bb5+ Nfd7
9.a4 Na6 10.Nf3 Nc7 11.O-O O-O 12.Bc4 Nb6 13.Ba2 Bg4 14.h3 Bxf3 15.Qxf3 
Qd7 16.Bb3 Nc8 17.f5 Ne8 18.Bg5 h6 19.Be3 g5 20.h4 f6 21.Rad1 Qd8 22.Bxc5 
dxc5 23.d6+ Kh8 24.d7 Ne7 25.dxe8=Q Qxe8 26.Nd5 Nc6 27.Nc7 Qe5 28.Nxa8 Nd4
29.Rxd4 cxd4 30.Bd5 Rxa8 31.hxg5 fxg5 32.f6 Bf8 33.Qh5 Qe8 34.f7 Qe5 35.
Qg6 Qg7 36.Qe6 Rd8 37.Qe8 Rd6 38.Rc1 d3 39.Rc8 Rxd5 40.exd5 Qd4+ 41.Kf1 
Kh7 42.Qxf8 Qf4+ 1/2-1/2

[Event "Oakham Young Masters"]
[Site "Oakham"]
[Date "1988.04.04"]
[Round "8.21"]
[White "Dunnington, Angus"]
[Black "Madl, Ildiko"]
[Result "1/2-1/2"]
[WhiteElo "2330"]
[BlackElo "2380"]
[EventDate "1988.03.28"]
[PlyCount "38"]
[Source "John Saunders"]

1.d4 Nf6 2.c4 e6 3.Nf3 Bb4+ 4.Nbd2 b6 5.g3 Bb7 6.Bg2 O-O 7.O-O Bxd2 8.Bxd2
d6 9.b4 Nbd7 10.c5 bxc5 11.bxc5 Rb8 12.cxd6 cxd6 13.Qa4 Be4 14.Qa3 Nb6 15.
Bf4 Nc4 16.Qa4 Nb2 17.Qa3 Nc4 18.Qa4 Nb2 19.Qa3 Nc4 1/2-1/2

[Event "Oakham Young Masters"]
[Site "Oakham"]
[Date "1988.04.04"]
[Round "8.22"]
[White "Trabert, Bettina"]
[Black "Bellini, Fabio"]
[Result "1/2-1/2"]
[WhiteElo "2230"]
[BlackElo "2300"]
[EventDate "1988.03.28"]
[PlyCount "45"]
[Source "John Saunders"]

1.e4 c5 2.c3 e6 3.d4 d5 4.exd5 exd5 5.Nf3 Nc6 6.Bb5 Bd6 7.O-O Ne7 8.dxc5 
Bxc5 9.Nbd2 O-O 10.Nb3 Bd6 11.Nbd4 a6 12.Bd3 h6 13.Bc2 Ng6 14.Nf5 Bc7 15.
N3d4 Qf6 16.Be3 Re8 17.Qh5 Nxd4 18.Bxd4 Be5 19.Be3 Nf4 20.Bxf4 Bxf4 21.
Rfe1 Bxf5 22.Qxf5 Qxf5 23.Bxf5 1/2-1/2

[Event "Oakham Young Masters"]
[Site "Oakham"]
[Date "1988.04.04"]
[Round "8.23"]
[White "Wians, Camille"]
[Black "Patrat, Alexandre"]
[Result "1-0"]
[WhiteElo "2215"]
[BlackElo "2210"]
[EventDate "1988.03.28"]
[PlyCount "69"]
[Source "John Saunders"]

1.c4 Nf6 2.Nc3 g6 3.g3 Bg7 4.Bg2 O-O 5.e4 c5 6.Nge2 Nc6 7.O-O d6 8.d3 a6 
9.h3 Rb8 10.Rb1 b5 11.b3 Ne8 12.Kh2 Nc7 13.Be3 Bd7 14.cxb5 axb5 15.d4 cxd4
16.Nxd4 b4 17.Nd5 e6 18.Nxc7 Qxc7 19.Rc1 Qb7 20.Ne2 Qa6 21.Rc2 Ne5 22.f4 
Nd3 23.Rd2 Bb5 24.Nd4 Bxd4 25.Bxd4 Rbc8 26.Bf6 Rc5 27.Qg4 h5 28.Qh4 Ne5 
29.Rfd1 Nd7 30.Be7 Rfc8 31.Bxd6 Rc2 32.Bxb4 Qxa2 33.f5 Rxd2 34.Rxd2 exf5 
35.Rxa2 1-0

[Event "Oakham Young Masters"]
[Site "Oakham"]
[Date "1988.04.04"]
[Round "8.24"]
[White "Szmigielska, Anna"]
[Black "Tozer, Richard"]
[Result "0-1"]
[WhiteElo "2110"]
[BlackElo "2255"]
[EventDate "1988.03.28"]
[PlyCount "76"]
[Source "John Saunders"]

1.e4 c6 2.d4 d5 3.exd5 cxd5 4.Bd3 Nc6 5.c3 g6 6.Ne2 Bg7 7.O-O Nh6 8.Ng3 
O-O 9.Bg5 f6 10.Be3 e5 11.dxe5 fxe5 12.Bc5 Rf7 13.Nd2 Be6 14.c4 b6 15.Ba3 
Nd4 16.cxd5 Bxd5 17.Bc4 Nhf5 18.Bxd5 Qxd5 19.Nde4 Bh6 20.Bb4 a5 21.Bc3 b5 
22.Qg4 Kh8 23.a3 a4 24.Rad1 Raf8 25.Ng5 Bxg5 26.Qxg5 Qc4 27.Bxd4 exd4 28.
Nxf5 Rxf5 29.Qd2 Rf4 30.Rc1 Qb3 31.Rc2 Re4 32.Rfc1 Rfe8 33.Rc8 d3 34.Kf1 
Kg7 35.R8c7+ R8e7 36.R1c3 Qxb2 37.Qc1 Qxc1+ 38.Rxc1 d2 0-1

[Event "Oakham Young Masters"]
[Site "Oakham"]
[Date "1988.04.04"]
[Round "8.25"]
[White "Hepworth, Mandy"]
[Black "Canfell, Gregory"]
[Result "0-1"]
[WhiteElo "2125"]
[BlackElo "2200"]
[EventDate "1988.03.28"]
[PlyCount "112"]
[Source "John Saunders"]

1.e4 c5 2.Nf3 e6 3.d4 cxd4 4.Nxd4 Nf6 5.Nc3 d6 6.Be2 Be7 7.O-O O-O 8.f4 
Nc6 9.Be3 e5 10.fxe5 dxe5 11.Nf5 Bxf5 12.Rxf5 g6 13.Rf1 Qa5 14.Bg5 Qb6+ 
15.Kh1 Qxb2 16.Rf3 Rad8 17.Qe1 Nd4 18.Rxf6 Nxc2 19.Rb1 Qa3 20.Qg3 Nd4 21.
Bf1 Ne6 22.Rb3 Qa5 23.Nd5 Rxd5 24.exd5 Nxg5 25.Qxg5 Qxd5 26.Rd3 Qe4 27.Re3
Bxf6 28.Rxe4 Bxg5 29.Rxe5 Bf6 30.Ra5 Rc8 31.g3 Bd4 32.Bd3 Rc7 33.Rd5 Bb6 
34.Kg2 Kg7 35.Kf3 Kf6 36.Be4 Ke6 37.Rb5 f5 38.Bd5+ Kd6 39.Bb3 Bc5 40.Bd1 
b6 41.Rb2 Ke5 42.Bb3 Kd4 43.Rc2 Kd3 44.Rc1 Re7 45.Rd1+ Kc3 46.Rc1+ Kb2 47.
Rc2+ Ka3 48.Rc3 a5 49.Bd5+ Kb2 50.Rb3+ Kc2 51.Bc4 a4 52.Rd3 Re4 53.Ba6 Kb2
54.Rd2+ Ka3 55.Bb7 Re3+ 56.Kf4 Re7 0-1

[Event "Oakham Young Masters"]
[Site "Oakham"]
[Date "1988.04.04"]
[Round "8.26"]
[White "Flear, Christine"]
[Black "Buecker, Karsten"]
[Result "1-0"]
[WhiteElo "2185"]
[BlackElo "2200"]
[EventDate "1988.03.28"]
[PlyCount "49"]
[Source "John Saunders"]

1.d4 Nf6 2.c4 g6 3.Nc3 Bg7 4.e4 d6 5.Nf3 O-O 6.Be2 Nbd7 7.O-O c6 8.Qc2 Re8
9.Rd1 a6 10.e5 dxe5 11.dxe5 Ng4 12.e6 fxe6 13.Ng5 Ngf6 14.Nxe6 Qb6 15.Bf4 
Nc5 16.Bc7 Qa7 17.Nxg7 Kxg7 18.b4 Bf5 19.Qb2 Ne6 20.Be5 b5 21.c5 Ng5 22.g4
Bd7 23.f4 Nf7 24.g5 Nxe5 25.fxe5 1-0

[Event "Oakham Young Masters"]
[Site "Oakham"]
[Date "1988.04.05"]
[Round "9.1"]
[White "Brunner, Lucas"]
[Black "Howell, James"]
[Result "1/2-1/2"]
[WhiteElo "2415"]
[BlackElo "2380"]
[EventDate "1988.03.28"]
[PlyCount "86"]
[Source "John Saunders"]

1.e4 e5 2.Nf3 Nc6 3.Bc4 Nf6 4.d3 Be7 5.O-O O-O 6.Re1 d6 7.c3 Na5 8.Bb5 a6 
9.Ba4 b5 10.Bc2 c5 11.Nbd2 Qc7 12.Nf1 Re8 13.h3 Bd7 14.Ne3 Bf8 15.Nh2 Be6 
16.Nhg4 Nxg4 17.hxg4 Nc6 18.Bb3 Ne7 19.Bxe6 fxe6 20.g5 Ng6 21.g3 Qc6 22.
Qh5 d5 23.Ng4 dxe4 24.dxe4 Red8 25.Kg2 Bd6 26.f3 Nf8 27.Be3 c4 28.Rh1 Qc7 
29.Rad1 Bc5 30.Rxd8 Rxd8 31.Bc1 Bd6 32.Rd1 Ng6 33.Be3 Rd7 34.Rf1 Rd8 35.
Rh1 Nf8 36.Qh4 Rd7 37.f4 exf4 38.gxf4 Bc5 39.g6 Bxe3 40.gxh7+ Kh8 41.Nxe3 
Ng6 42.Qg5 Nxf4+ 43.Kg1 Rf7 1/2-1/2

[Event "Oakham Young Masters"]
[Site "Oakham"]
[Date "1988.04.05"]
[Round "9.3"]
[White "Gelfand, Boris"]
[Black "Navrotescu, Catalin"]
[Result "1-0"]
[WhiteElo "2505"]
[BlackElo "2280"]
[EventDate "1988.03.28"]
[PlyCount "119"]
[Source "John Saunders"]

1.d4 e6 2.c4 Nf6 3.Nf3 c5 4.d5 exd5 5.cxd5 d6 6.Nc3 g6 7.e4 Bg7 8.h3 O-O 
9.Bd3 a6 10.a4 Nbd7 11.O-O Nh5 12.Bg5 Bf6 13.Qd2 Ne5 14.h4 Nxf3+ 15.gxf3 
Bxg5 16.Qxg5 f6 17.Qe3 f5 18.Qg5 Qxg5+ 19.hxg5 Nf4 20.Bc4 Nh3+ 21.Kg2 Nxg5
22.e5 dxe5 23.Rfe1 Rd8 24.Rxe5 Kf8 25.Rae1 Nf7 26.Re7 Bd7 27.d6 Nxd6 28.
Bd5 Be8 29.Rxh7 Bf7 30.a5 Rac8 31.Kg3 Re8 32.Rd1 Re7 33.Kf4 Bxd5 34.Rxe7 
Kxe7 35.Nxd5+ Ke6 36.Nb6 Rc6 37.Re1+ Kf7 38.Kg5 Nc8 39.Nc4 Kg7 40.Rd1 b5 
41.Rd7+ Kf8 42.Ne5 Rd6 43.Rxd6 Nxd6 44.Nd7+ Kg7 45.Nxc5 b4 46.Nxa6 Nc4 47.
Nxb4 Nxa5 48.Nd3 Nb3 49.Ne5 Nd4 50.Nxg6 Nxf3+ 51.Kxf5 Nd4+ 52.Ke4 Nb3 53.
Ne5 Kf6 54.Nc6 Nc5+ 55.Kd5 Nd3 56.b4 Nxf2 57.b5 Nd1 58.b6 Nc3+ 59.Kd4 Nb5+
60.Kc5 1-0

[Event "Oakham Young Masters"]
[Site "Oakham"]
[Date "1988.04.05"]
[Round "9.4"]
[White "Conquest, Stuart"]
[Black "Plaskett, Harold James"]
[Result "1/2-1/2"]
[WhiteElo "2445"]
[BlackElo "2465"]
[EventDate "1988.03.28"]
[PlyCount "105"]
[Source "John Saunders"]

1.d4 Nf6 2.c4 c5 3.d5 g6 4.Nc3 d6 5.e4 Bg7 6.Bd3 O-O 7.Bg5 a6 8.a4 e6 9.
Nge2 Nbd7 10.dxe6 fxe6 11.O-O h6 12.Bh4 g5 13.Bg3 e5 14.Bc2 Nb8 15.Qd2 Nc6
16.Nd5 Nh5 17.a5 Be6 18.Nb6 Rb8 19.Rad1 Nf4 20.Bxf4 exf4 21.Qxd6 Qxd6 22.
Rxd6 Rfe8 23.Ba4 Bxc4 24.Nxc4 Rxe4 25.Nxf4 Rxc4 26.Bxc6 bxc6 27.Ne6 Bxb2 
28.Rxc6 Rb5 29.Rxa6 Ra4 30.g3 c4 31.Rd1 Rbxa5 32.Rc6 Ra1 33.Rxa1 Rxa1+ 34.
Kg2 Rc1 35.Kf3 Kf7 36.Nc5 Bg7 37.Ne4 c3 38.Rc7+ Kg6 39.Rc6+ Kf7 40.Rc7+ 
Kg8 41.Kg4 c2 42.Kf5 Kf8 43.f3 Ke8 44.g4 Kd8 45.Rc4 Kd7 46.Kg6 Bf8 47.Ng3 
Bd6 48.Ne2 Rf1 49.Rxc2 Rxf3 50.Nd4 Rh3 51.Rd2 Rxh2 52.Rd3 Rg2 53.Nf5 
1/2-1/2

[Event "Oakham Young Masters"]
[Site "Oakham"]
[Date "1988.04.05"]
[Round "9.6"]
[White "Blatny, Pavel"]
[Black "Schlosser, Michael"]
[Result "1-0"]
[WhiteElo "2440"]
[BlackElo "2330"]
[EventDate "1988.03.28"]
[PlyCount "71"]
[Source "John Saunders"]

1.e4 d6 2.d4 Nf6 3.Nc3 g6 4.Be3 c6 5.Qd2 b5 6.a3 a6 7.f3 Bg7 8.Bh6 O-O 9.
h4 e5 10.O-O-O Qe7 11.g4 Nbd7 12.d5 c5 13.Nce2 Nb6 14.Ng3 Bd7 15.h5 b4 16.
axb4 cxb4 17.Bd3 Na4 18.N1e2 Nc5 19.Kb1 b3 20.Nc3 a5 21.g5 Ne8 22.Bxg7 
Nxg7 23.Qh2 Ne8 24.Rdf1 Nc7 25.f4 exf4 26.Rxf4 Nxd3 27.cxd3 Nb5 28.Rh4 Qe5
29.hxg6 Nxc3+ 30.bxc3 Qxc3 31.Rxh7 Qxd3+ 32.Ka1 Qc3+ 33.Qb2 Rac8 34.Nh5 
Qxb2+ 35.Kxb2 Rc2+ 36.Kb1 1-0

[Event "Oakham Young Masters"]
[Site "Oakham"]
[Date "1988.04.05"]
[Round "9.8"]
[White "Arnason, Jon"]
[Black "Thomas, Ian"]
[Result "1-0"]
[WhiteElo "2510"]
[BlackElo "2315"]
[EventDate "1988.03.28"]
[PlyCount "73"]
[Source "John Saunders"]

1.e4 e5 2.Nf3 Nc6 3.Bb5 a6 4.Ba4 Nf6 5.O-O Be7 6.Re1 d6 7.c3 Bg4 8.d3 O-O 
9.h3 Bh5 10.Nbd2 b5 11.Bb3 d5 12.Qe2 d4 13.g4 Bg6 14.cxd4 exd4 15.Nh4 Na5 
16.f4 Nxb3 17.Nxb3 Ne8 18.Nf3 f6 19.Nbxd4 Qd7 20.Be3 c5 21.Nf5 Bxf5 22.
gxf5 Rc8 23.Rac1 Bd6 24.Rc2 Qe7 25.Nd2 Rf7 26.Rec1 Qf8 27.Qf2 Rfc7 28.Nb3 
c4 29.dxc4 Rxc4 30.Rxc4 bxc4 31.Qe2 Qf7 32.Na5 Qe7 33.Rxc4 Bc5 34.Kg2 Bxe3
35.Rxc8 Qxe4+ 36.Qf3 Qe7 37.Nc6 1-0

[Event "Oakham Young Masters"]
[Site "Oakham"]
[Date "1988.04.05"]
[Round "9.9"]
[White "Bruk, Ofer"]
[Black "Serper, Grigory"]
[Result "0-1"]
[WhiteElo "2340"]
[BlackElo "2450"]
[EventDate "1988.03.28"]
[PlyCount "90"]
[Source "John Saunders"]

1.Nf3 Nf6 2.c4 c6 3.Nc3 d6 4.d4 Nbd7 5.e4 e5 6.Be2 Be7 7.O-O a6 8.Qc2 O-O 
9.Rd1 Qc7 10.h3 b5 11.a3 Re8 12.Be3 exd4 13.Nxd4 Ne5 14.cxb5 cxb5 15.Rac1 
Bd7 16.Nd5 Nxd5 17.Qxc7 Nxc7 18.Rxc7 Rec8 19.Rdc1 Bd8 20.Rxc8 Rxc8 21.Rxc8
Bxc8 22.Kf1 Bb7 23.Nf5 Bxe4 24.Nxd6 Bd5 25.f3 g6 26.a4 bxa4 27.Bxa6 Bc7 
28.Ne8 Bc4+ 29.Bxc4 Nxc4 30.Bd4 Be5 31.Bxe5 Nxe5 32.Nf6+ Kg7 33.Ne8+ Kf8 
34.Nf6 Kg7 35.Ne8+ Kf8 36.Nf6 h5 37.Ke2 Nc4 38.Kd3 Nxb2+ 39.Kc3 a3 40.Kb3 
Nc4 41.h4 Ke7 42.Ne4 Nd6 43.Ng3 Ke6 44.Ne2 Nf5 45.g3 Ke5 0-1